Estudio de la región volcánica central de España / (Record no. 79440)
[ view plain ]
| 000 -LEADER | |
|---|---|
| campo de control de longitud fija | 01115nam a2200241 i 4500 |
| 001 - NÚMERO DE CONTROL | |
| campo de control | 79440 |
| 003 - IDENTIFICADOR DE NÚMERO DE CONTROL | |
| campo de control | ES-MaACL |
| 005 - FECHA Y HORA DE LA ÚLTIMA TRANSACCIÓN | |
| campo de control | 20250815103632.0 |
| 007 - CAMPO FIJO DE DESCRIPCIÓN FÍSICA--INFORMACIÓN GENERAL | |
| campo de control de longitud fija | t| |
| 008 - DATOS DE LONGITUD FIJA--INFORMACIÓN GENERAL | |
| campo de control de longitud fija | 041021s1932 sp ||||1| spa d |
| 100 1# - ENTRADA PRINCIPAL--NOMBRE DE PERSONA | |
| Nombre de persona | Hernández-Pacheco, Francisco, |
| Fechas asociadas al nombre | 1899-1976 |
| 9 (RLIN) | 63010 |
| 245 10 - MENCIÓN DEL TÍTULO | |
| Título | Estudio de la región volcánica central de España / |
| Mención de responsabilidad, etc. | por Francisco Hernández-Pacheco. |
| 260 ## - PUBLICACIÓN, DISTRIBUCIÓN, ETC. | |
| Lugar de publicación, distribución, etc. | [S.l. : |
| Nombre del editor, distribuidor, etc. | s.n.], |
| Fecha de publicación, distribución, etc. | 1932 ( |
| Lugar de fabricación/manufactura | Madrid : |
| Fabricante | S. Aguirre, imp) |
| 300 ## - DESCRIPCIÓN FÍSICA | |
| Extensión | V, 235 p., XLIX h. de lám., 2 h. pleg. ; |
| Dimensiones | 27 cm + |
| Material acompañante/anejo | 1 carpeta (18 h. de map., 3 h. pleg.) |
| 490 1# - MENCIÓN DE SERIE | |
| Mención de serie | Memorias de la Academia de Ciencias Exactas, Físicas y Naturales de Madrid. Serie de Ciencias Naturales ; |
| Designación de volumen o secuencia | 3 |
| 594 ## - Nota al título y mención de responsabilidad | |
| Nota al título y mención de responsabilidad | Tít. del material anejo: Mapas y cortes geológicos. |
| 650 #4 - PUNTO DE ACCESO ADICIONAL DE MATERIA--TÉRMINO DE MATERIA | |
| Término de materia o nombre geográfico como elemento de entrada | Geomorfología- |
| Subdivisión geográfica | Ciudad Real (Provincia) |
| 9 (RLIN) | 164284 |
| 650 #4 - PUNTO DE ACCESO ADICIONAL DE MATERIA--TÉRMINO DE MATERIA | |
| Término de materia o nombre geográfico como elemento de entrada | Vulcanismo- |
| Subdivisión geográfica | Ciudad Real (Provincia) |
| 9 (RLIN) | 164285 |
| 650 #4 - PUNTO DE ACCESO ADICIONAL DE MATERIA--TÉRMINO DE MATERIA | |
| Término de materia o nombre geográfico como elemento de entrada | Petrología- |
| Subdivisión geográfica | Ciudad Real (Provincia) |
| 9 (RLIN) | 164286 |
| 830 00 - PUNTO DE ACCESO ADICIONAL DE SERIE-TÍTULO UNIFORME | |
| Título uniforme | Memorias de la Real Academia de Ciencias Exactas, Físicas y Naturales de Madrid |
| Designación de volumen o secuencia | 3 |
| 9 (RLIN) | 222794 |
| 852 ## - LOCALIZACIÓN | |
| Ubicación | ES-MaACL |
| Número de control de estantería | A-2168-69 |
| Estatus retirado | Estado de pérdida | Estado de daño | No para préstamo | Biblioteca de origen | Biblioteca actual | Ubicación en estantería | Fecha de adquisición | Fuente de adquisición | Total de préstamos | Signatura topográfica completa | Código de barras | Visto por última vez | Precio de reemplazo | Tipo de ítem Koha |
|---|---|---|---|---|---|---|---|---|---|---|---|---|---|---|
| Biblioteca del Ateneo de Madrid | Biblioteca del Ateneo de Madrid | Sala Pecera Planta 1 | 17/01/2008 | A-2168-69 | 1083071 | 23/02/2023 | 23/02/2023 | Libro impreso |
